New strategy for South East (Record no. 29429)

MARC details
000 -LEADER
fixed length control field 00850cab a2200205 4500
001 - CONTROL NUMBER
control field ABS44309
008 - FIXED-LENGTH DATA ELEMENTS--GENERAL INFORMATION
fixed length control field 090401t1991 xxu||||| |||| 00| 0 eng d
035 ## - SYSTEM CONTROL NUMBER
System control number (Sirsi) u46509
041 ## - LANGUAGE CODE
Language code of text/sound track or separate title eng
100 ## - MAIN ENTRY--PERSONAL NAME
Personal name Hall, P.
245 ## - TITLE STATEMENT
Title New strategy for South East
260 ## - PUBLICATION, DISTRIBUTION, ETC.
Date of publication, distribution, etc. 1991
350 ## - PRICE (NR) (BK AM CF MU VM SE) [OBSOLETE]
Price 0
490 ## - SERIES STATEMENT
Series statement Planner
Volume/sequential designation 77 (10) 22 March 1991, 6-9 (4)
520 ## - SUMMARY, ETC.
Summary, etc. Discusses three themes raised by the author in a keynote address to a conference called to debate SERPLAN `s "A new strategy for the South East". Covers the polarisation of London , reversing the East-West balance with the East Thames Corridor and London Docklands and the idea of encouraging growth away from London and the South East to even out the North-South divide .
650 ## - SUBJECT ADDED ENTRY--TOPICAL TERM
Topical term or geographic name entry element TOWN PLANNING
690 ## - LOCAL SUBJECT ADDED ENTRY--TOPICAL TERM (OCLC, RLIN)
Topical term or geographic name as entry element PLANNING LAW AND PRACTICE
942 ## - ADDED ENTRY ELEMENTS (KOHA)
Suppress in OPAC 0
948 ## - LOCAL PROCESSING INFORMATION (OCLC); SERIES PART DESIGNATOR (RLIN)
c (OCLC) 04/03/1997
Holdings
Withdrawn status Lost status Source of classification or shelving scheme Damaged status Not for loan Home library Current library Shelving location Date acquired Total Checkouts Full call number Barcode Date last seen Copy number Price effective from Koha item type
    Dewey Decimal Classification     London London Journal article 14/09/1999   ABS44309 46509-1001 06/08/2019 1 06/08/2019 Journal article